| 000 | 00702nam a2200229Ia 4500 | ||
|---|---|---|---|
| 999 |
_c53367 _d53367 |
||
| 001 | 20410 | ||
| 003 | GE_BSU | ||
| 005 | 20200930140842.0 | ||
| 008 | 181216s||||||||xx |||||||||||||| ||und|| | ||
| 020 | _a9789941462429 | ||
| 040 | _cGE_BSU | ||
| 080 | _a811.111'36 G-66 | ||
| 100 |
_aGoshkheteliani, Irine _99571 |
||
| 245 |
_aEnglish Theoretical Grammar : _cIrine Goshkheteliani ; Editor Tamar Siradze. |
||
| 264 |
_aBatumi : _bBatumi Shota Rustaveli State University, _c2017. |
||
| 300 |
_a194 p. ; _c20 cm. |
||
| 541 | _h5 ლ.26 თ. | ||
| 653 | _aEnglish Theoretical Grammar | ||
| 653 | _aინგლისური ენა | ||
| 700 |
_aSiradze, Tamar _cEditor _99572 |
||
| 942 |
_cBK _2udc |
||